Central Library OPAC University of Rajshahi

অর্থনৈতিক উন্নয়ন : (Record no. 47400)

MARC details
000 -LEADER
fixed length control field 01036nam a2200241 a 4500
001 - CONTROL NUMBER
control field 47400
003 - CONTROL NUMBER IDENTIFIER
rucl marc code BD-RjUL
005 - DATE AND TIME OF LATEST TRANSACTION
control field 20211209054316.0
008 - FIXED-LENGTH DATA ELEMENTS--GENERAL INFORMATION
fixed length control field 160808s2000 ii a|||| ||| 001 0 ben d
020 ## - INTERNATIONAL STANDARD BOOK NUMBER
International Standard Book Number 8124703477
Terms of availability : Tk. 70.00
035 ## - SYSTEM CONTROL NUMBER
System control number (BD-RjUL)47519
040 ## - CATALOGING SOURCE
Original cataloging agency BD-RjUL
Language of cataloging ben
Transcribing agency BD-RjUL
Modifying agency BD-RjUL
041 ## - LANGUAGE CODE
Language code of text/sound track or separate title ben
082 ## - DEWEY DECIMAL CLASSIFICATION NUMBER
Edition number 23
Classification number 338.9
Author mark and year BHA 2000
100 1# - MAIN ENTRY--PERSONAL NAME
Personal name ভট্টাচার্য, কল্যাণব্রত
9 (RLIN) 144181
245 10 - TITLE STATEMENT
Title অর্থনৈতিক উন্নয়ন :
Remainder of title তত্ত্ব ও তথ্য /
Statement of responsibility, etc. কল্যাণব্রত ভট্টাচার্য
260 ## - PUBLICATION, DISTRIBUTION, ETC. (IMPRINT)
Place of publication, distribution, etc. কলিকাতা :
Name of publisher, distributor, etc. পশ্চিমবঙ্গ রাজ্য পুস্তক পর্ষৎ,
Date of publication, distribution, etc. ২০০০
300 ## - PHYSICAL DESCRIPTION
Pagination [৮] ১৯৮ পৃ. :
Illustrations চিত্র.
Size ২১ সেমি.
500 ## - GENERAL NOTE
General note নির্ঘন্ট সংযুক্ত
650 ## - SUBJECT ADDED ENTRY--TOPICAL TERM
Topical term or geographic name as entry element অর্থনেতিক উন্নয়ন
9 (RLIN) 144182
Topical term or geographic name as entry element Economic development
9 (RLIN) 143928
942 ## - ADDED ENTRY ELEMENTS (KOHA)
Source of classification or shelving scheme Dewey Decimal Classification
Koha item type Books
Holdings
Lost status Source of classification or shelving scheme Damaged status Not for loan Collection code Permanent Location Current Location Shelving location Date acquired Source of acquisition Cost, normal purchase price Total Checkouts Full call number Date last seen Copy number Koha item type
  Dewey Decimal Classification     Non-fiction Central Library, University of Rajshahi Central Library, University of Rajshahi   15/03/2008 Dhaka, Paragon Enterprises Ltd 70.00   B 338.9 BHA 2000 08/08/2016 C-2 Books
  Dewey Decimal Classification     Non-fiction Central Library, University of Rajshahi Central Library, University of Rajshahi   15/03/2008 Dhaka, Paragon Enterprises Ltd 70.00   B 338.9 BHA 2000 08/08/2016 C-3 Books
  Dewey Decimal Classification   Not For Loan Non-fiction Central Library, University of Rajshahi Central Library, University of Rajshahi Reading Room 15/03/2008 Paragon Enterprises Dhaka 70.00   B 338.9 BHA 2000 29/12/2016 C-1 Books
  Dewey Decimal Classification     Non-fiction Central Library, University of Rajshahi Central Library, University of Rajshahi Reading Room 15/03/2008 Paragon Enterprises Dhaka 70.00   B 338.9 BHA 2000 07/03/2019 C-4 Books